Stations du Métro de Paris par lettre - J et K - Statistiques

Statistiques générales
  • Ce quiz a été pris 394 fois
  • Le résultat moyen est 6 sur 8
Statistiques - réponses
Lignes Stations % Correct
2,5,7bis Jaurès
90%
7,10 Jussieu
81%
6 Kléber
72%
11 Jourdain
67%
9 Jasmin
66%
12 Jules Joffrin
63%
5 Jacques Bonsergent
61%
10 Javel - André Citroën
58%
Aucun quiz correspondant
Distribution des résultats
% des personnes avec chaque résultat
Percentile par nombre de réponses
Votre historique - résultats
Vous n’avez pas pris ce quiz